[Event "12th PKWN Festival it"]
[Site "Lublin POL"]
[Date "1976.07.??"]
[Round "10"]
[White "Pokojowczyk, Jerzy"]
[Black "Adamski, Jan"]
[Result "0-1"]
[WhiteElo "2335"]
[BlackElo "2415"]
[EventDate "1976.07.15"]
[PlyCount "64"]

1.e4 c5 2.Nf3 d6 3.d4 Nf6 4.Nc3 cxd4 5.Nxd4 e6 6.Bc4 a6 7.Bb3 b5 8.O-O Be7
9.f4 O-O 10.e5 dxe5 11.fxe5 Nfd7 12.Qh5 Bc5 13.Be3 Bxd4 14.Bxd4 Nc6 15.
Rad1 Nxd4 16.Rxd4 Qb6 17.Rf4 Qc5 18.Nd5 Kh8 19.c3 exd5 20.Bxd5 Rb8 21.Bxf7
g5 22.Rf5 Nxe5 23.Bg6 Rb7 24.Rxf8+ Qxf8 25.Qxg5 Qe7 26.Rd8+ Kg7 27.Qxe7+ 
Rxe7 28.Bxh7 Ng4 29.Bd3 Re1+ 30.Bf1 Be6 31.b3 Ra1 32.Rd6 Kf7 0-1

[Event "12th PKWN Festival it"]
[Site "Lublin POL"]
[Date "1976.07.??"]
[Round "10"]
[White "Ermenkov, Evgeny"]
[Black "Bielczyk, Jacek"]
[Result "1/2-1/2"]
[WhiteElo "2435"]
[BlackElo "2375"]
[EventDate "1976.07.15"]
[PlyCount "112"]

1.Nf3 d6 2.d4 Nf6 3.c4 Nbd7 4.Nc3 e5 5.e4 g6 6.Be2 Bg7 7.O-O O-O 8.Be3 Ng4
9.Bg5 f6 10.Bh4 g5 11.Bg3 Nh6 12.dxe5 fxe5 13.Ne1 Nc5 14.Nd3 Ne6 15.Rc1 c5
16.b4 b6 17.bxc5 bxc5 18.Rb1 Kh8 19.Rb2 Nf4 20.Qa4 Nf7 21.Rfb1 Bd7 22.Qd1 
g4 23.Rd2 Bh6 24.Bxg4 Bxg4 25.Qxg4 Nh3+ 26.Qxh3 Bxd2 27.Nd5 Rb8 28.Rf1 Rb7
29.Qg4 Bh6 30.h4 Rg8 31.Qe2 Qc8 32.Qe1 Rg7 33.Qa5 Nd8 34.Kh2 Ne6 35.Qa6 
Qd7 36.Rd1 Bf4 37.Rf1 Bh6 38.f3 Rf7 39.Rd1 Bf4 40.Bxf4 exf4 41.e5 Qd8 42.
Kg1 Qxh4 43.Qxd6 Nd4 44.Qxc5 Ne2+ 45.Kf1 Ng3+ 46.Kg1 Ne2+ 47.Kf1 Ng3+ 48.
Kg1 Rbc7 49.Qd6 Ne2+ 50.Kf1 Ng3+ 51.Kg1 Rxc4 52.Nf2 Ne2+ 53.Kf1 Ng3+ 54.
Kg1 Rc2 55.e6 Ne2+ 56.Kf1 Ng3+ 1/2-1/2

[Event "12th PKWN Festival it"]
[Site "Lublin POL"]
[Date "1976.07.??"]
[Round "10"]
[White "Damjanovic, Mato"]
[Black "Schinzel, Wladyslaw"]
[Result "0-1"]
[WhiteElo "2425"]
[BlackElo "2370"]
[EventDate "1976.07.15"]
[PlyCount "154"]

1.e4 c5 2.Nf3 Nc6 3.d4 cxd4 4.Nxd4 g6 5.c4 Bg7 6.Be3 Nf6 7.Nc3 O-O 8.Be2 
b6 9.Qd2 Bb7 10.f3 d6 11.O-O Qd7 12.Rfd1 Rfd8 13.Rac1 Rac8 14.b3 Qe8 15.
Ncb5 Rd7 16.a4 a6 17.Nxc6 Bxc6 18.Nc3 Rb7 19.Nd5 Nd7 20.Bd3 Nc5 21.Bc2 a5 
22.Re1 e6 23.Nc3 Rd7 24.Rcd1 Qf8 25.Bd4 Bxd4+ 26.Qxd4 Qg7 27.Qd2 Kh8 28.
Re3 Qf6 29.Qe1 Rcd8 30.Ne2 Na6 31.Nd4 Nb4 32.Bb1 Kg8 33.Qf2 Bb7 34.f4 e5 
35.Ne2 exf4 36.Nxf4 Qe5 37.Nd5 Bxd5 38.exd5 Qg7 39.Rde1 Rf8 40.Rf3 Rb8 41.
Rf6 Na6 42.h3 Nc5 43.Bc2 Qf8 44.h4 Re8 45.Rf1 Qe7 46.Rf3 h5 47.Kh1 Kg7 48.
Rf6 Kg8 49.Bxg6 fxg6 50.Rxg6+ Kh7 51.Rg5 Qe4 52.Qf6 Re5 53.Rg3 Rde7 54.Kh2
Nd7 55.Qxd6 Qxh4+ 56.Rh3 Qg5 57.Rhf3 Rg7 58.R3f2 Re4 59.Kg1 Ne5 60.Qf6 
Qxf6 61.Rxf6 Re2 62.R1f2 Rxf2 63.Rxf2 Kg6 64.Rc2 Nd3 65.Rd2 Nc5 66.Kh2 Kf5
67.Rb2 Nd3 68.Re2 Nf4 69.Rd2 Ke4 70.g3 Nd3 71.Re2+ Kd4 72.Re6 Rb7 73.Rc6 
Nc5 74.d6 Nxb3 75.d7 Rxd7 76.Rxb6 Kxc4 77.Kh3 Nd4 0-1

[Event "12th PKWN Festival it"]
[Site "Lublin POL"]
[Date "1976.07.??"]
[Round "11"]
[White "Kuligowski, Adam"]
[Black "Pokojowczyk, Jerzy"]
[Result "1/2-1/2"]
[WhiteElo "2345"]
[BlackElo "2335"]
[EventDate "1976.07.15"]
[PlyCount "47"]

1.c4 Nf6 2.d4 e6 3.Nf3 b6 4.g3 Ba6 5.b3 Bb4+ 6.Bd2 Bxd2+ 7.Qxd2 O-O 8.Nc3 
d6 9.Bg2 Nbd7 10.O-O c6 11.Ne1 d5 12.Nc2 Qe7 13.Ne3 Rac8 14.a4 dxc4 15.
bxc4 Rfd8 16.Rfd1 Nc5 17.Rab1 Nb7 18.Qa2 Na5 19.Rb2 Rd7 20.Rc2 Rdc7 21.Ne4
Nxe4 22.Bxe4 Rd8 23.c5 Rcd7 24.Qb2 1/2-1/2

[Event "12th PKWN Festival it"]
[Site "Lublin POL"]
[Date "1976.07.??"]
[Round "11"]
[White "Schinzel, Wladyslaw"]
[Black "Suetin, Alexei"]
[Result "0-1"]
[WhiteElo "2370"]
[BlackElo "2525"]
[EventDate "1976.07.15"]
[PlyCount "82"]

1.d4 Nf6 2.Nc3 d5 3.Bg5 Nbd7 4.Qd3 c6 5.Nf3 h6 6.Bh4 e6 7.e4 Qa5 8.Nd2 Bb4
9.e5 Nh5 10.Nb3 Bxc3+ 11.bxc3 Qa3 12.Qf3 g5 13.Qxh5 gxh4 14.Qxh4 a5 15.Kd2
a4 16.Nc5 Nxc5 17.dxc5 Qxc5 18.Qd4 Qe7 19.h4 c5 20.Qf4 Bd7 21.g4 Bc6 22.
Bg2 O-O-O 23.Bf3 Qc7 24.Kc1 f6 25.Qxf6 Qa5 26.Qxe6+ Kc7 27.Qf7+ Kb8 28.Rh3
Qxc3 29.Rb1 Qxe5 30.Bd1 Rhf8 31.Qg6 Rf6 32.Qd3 Rxf2 33.Qe3 Qxe3+ 34.Rxe3 
Re8 35.Rf3 Rh2 36.Rf6 Bd7 37.Rxh6 Re1 38.g5 Bg4 39.Rh8+ Ka7 40.Rh7 Rxd1+ 
41.Kb2 a3+ 0-1

[Event "12th PKWN Festival it"]
[Site "Lublin POL"]
[Date "1976.07.??"]
[Round "11"]
[White "Nikolac, Juraj"]
[Black "Georgadze, Tamaz"]
[Result "0-1"]
[WhiteElo "2485"]
[BlackElo "2475"]
[EventDate "1976.07.15"]
[PlyCount "76"]

1.d4 Nf6 2.c4 c5 3.d5 b5 4.Nd2 d6 5.e4 bxc4 6.Ne2 g6 7.Nc3 Bg7 8.Nxc4 O-O 
9.Bd3 Ba6 10.O-O Bxc4 11.Bxc4 Nbd7 12.Bd2 Rb8 13.b3 Ne8 14.Rb1 Nc7 15.Qc2 
Nb6 16.Ne2 Qd7 17.Bc3 Bxc3 18.Nxc3 f5 19.Rfe1 f4 20.e5 f3 21.e6 Qe8 22.g3 
g5 23.g4 Qg6 24.Qxg6+ hxg6 25.h3 Rf4 26.Red1 Nxc4 27.bxc4 Rxb1 28.Rxb1 
Rxc4 29.Rb8+ Kg7 30.Rb7 Rxc3 31.Rxc7 Kf6 32.h4 gxh4 33.g5+ Ke5 34.Rxa7 
Kxd5 35.Rxe7 Rc1+ 36.Kh2 Rc2 37.Rg7 Rxf2+ 38.Kg1 0-1

[Event "12th PKWN Festival it"]
[Site "Lublin POL"]
[Date "1976.07.??"]
[Round "11"]
[White "Makarichev, Sergei"]
[Black "Damjanovic, Mato"]
[Result "1/2-1/2"]
[WhiteElo "2495"]
[BlackElo "2425"]
[EventDate "1976.07.15"]
[PlyCount "54"]

1.e4 c5 2.Nf3 Nc6 3.Bb5 g6 4.O-O Bg7 5.c3 Nf6 6.Re1 O-O 7.h3 Ne8 8.d4 cxd4
9.cxd4 Nc7 10.Ba4 d5 11.e5 b5 12.Bb3 a5 13.a4 bxa4 14.Bxa4 Nb4 15.Nc3 Ba6 
16.Bc2 Ne6 17.Bb1 Qd7 18.Ng5 Nxg5 19.Bxg5 f6 20.Bf4 Bb5 21.exf6 exf6 22.
Nxb5 Qxb5 23.Bd6 Rfe8 24.Bxb4 Qxb4 25.Ba2 Rxe1+ 26.Qxe1 Qxe1+ 27.Rxe1 Rd8 
1/2-1/2

[Event "12th PKWN Festival it"]
[Site "Lublin POL"]
[Date "1976.07.??"]
[Round "11"]
[White "Hulak, Krunoslav"]
[Black "Ermenkov, Evgeny"]
[Result "1-0"]
[WhiteElo "2470"]
[BlackElo "2435"]
[EventDate "1976.07.15"]
[PlyCount "94"]

1.e4 c5 2.Nf3 Nc6 3.d4 cxd4 4.Nxd4 Nf6 5.Nc3 d6 6.Be2 e5 7.Nb3 Be7 8.Be3 
a5 9.Nd2 d5 10.exd5 Nxd5 11.Nxd5 Qxd5 12.O-O Bf5 13.c3 O-O 14.Qa4 Qe6 15.
Rfe1 Qg6 16.Bf3 Bc2 17.Qb5 Bd3 18.Qb6 e4 19.Be2 Bxe2 20.Rxe2 f5 21.Bc5 
Rae8 22.Bxe7 Rxe7 23.Rae1 Rd7 24.Kh1 Rfd8 25.Nc4 Qf7 26.Nxa5 Ne5 27.Qb3 
Rd5 28.Nc4 Nd3 29.Rf1 Qh5 30.f3 Kh8 31.Qc2 Nf4 32.Ref2 Nd3 33.Rd2 Qh6 34.
Re2 Nf4 35.Ree1 Nh5 36.fxe4 Ng3+ 37.Kg1 Rd2 38.Nxd2 Rxd2 39.Qxd2 Qxd2 40.
hxg3 g6 41.e5 Kg8 42.e6 Kf8 43.e7+ Ke8 44.Re6 h5 45.Rfe1 g5 46.Kf1 Qd3+ 
47.Kf2 f4 1-0

[Event "12th PKWN Festival it"]
[Site "Lublin POL"]
[Date "1976.07.??"]
[Round "11"]
[White "Bielczyk, Jacek"]
[Black "Szymczak, Zbigniew"]
[Result "0-1"]
[WhiteElo "2375"]
[BlackElo "2400"]
[EventDate "1976.07.15"]
[PlyCount "94"]

1.e4 e6 2.d4 d5 3.Nd2 c5 4.Ngf3 Nc6 5.exd5 exd5 6.Bb5 Bd6 7.dxc5 Bxc5 8.
O-O Ne7 9.Nb3 Bd6 10.Bg5 O-O 11.Bh4 Qb6 12.Be2 Nf5 13.Qxd5 Nb4 14.Qe4 Bd7 
15.Bd3 Rfe8 16.Qg4 Nxd3 17.cxd3 Re2 18.Nfd4 Nxd4 19.Qxd4 Qxd4 20.Nxd4 Rxb2
21.Rfb1 Rxb1+ 22.Rxb1 Rc8 23.Bg3 Bc5 24.Nb3 Ba3 25.Na5 b6 26.Nc4 Be7 27.
Kf1 Be6 28.Ne3 Bf6 29.a4 Rc3 30.Ke2 Ra3 31.Rb4 Bd7 32.Nd5 Bd8 33.Bc7 Bxc7 
34.Nxc7 Rxa4 35.Rb2 Kf8 36.Nd5 Bc6 37.Ne3 Ke7 38.g3 g6 39.h4 f6 40.Kd2 b5 
41.Kc3 Kd6 42.d4 a5 43.d5 Bd7 44.Kd3 Ra1 45.Kd4 a4 46.Rd2 Rb1 47.Nc2 Rb2 
0-1

[Event "12th PKWN Festival it"]
[Site "Lublin POL"]
[Date "1976.07.??"]
[Round "11"]
[White "Adamski, Jan"]
[Black "Robatsch, Karl"]
[Result "1/2-1/2"]
[WhiteElo "2415"]
[BlackElo "2445"]
[EventDate "1976.07.15"]
[PlyCount "34"]

1.d4 g6 2.Nf3 Bg7 3.c4 d6 4.Nc3 Bg4 5.e3 Nc6 6.Be2 e5 7.d5 Nce7 8.e4 Kf8 
9.O-O Bxf3 10.Bxf3 Bh6 11.b4 Kg7 12.Bxh6+ Nxh6 13.c5 f6 14.Rc1 a6 15.Be2 
Nf7 16.Qd2 Rf8 17.Rc2 f5 1/2-1/2

[Event "12th PKWN Festival it"]
[Site "Lublin POL"]
[Date "1976.07.??"]
[Round "12"]
[White "Robatsch, Karl"]
[Black "Kuligowski, Adam"]
[Result "0-1"]
[WhiteElo "2445"]
[BlackElo "2345"]
[EventDate "1976.07.15"]
[PlyCount "80"]

1.c4 Nf6 2.Nc3 e6 3.Nf3 c5 4.g3 b6 5.Bg2 Bb7 6.O-O d6 7.Re1 Nbd7 8.e4 Qc7 
9.b3 a6 10.Bb2 Be7 11.d4 cxd4 12.Nxd4 O-O 13.Qe2 Rfe8 14.Rad1 Rac8 15.f4 
e5 16.Nf5 Bf8 17.Qd2 exf4 18.gxf4 Qc5+ 19.Qf2 Qb4 20.Nd5 Bxd5 21.cxd5 Nxe4
22.Bxe4 Rxe4 23.Bxg7 Bxg7 24.Qg3 Rxe1+ 25.Rxe1 Qc3 26.Ne7+ Kf8 27.Nxc8 
Qxc8 28.Qe3 Qc5 29.Qxc5 bxc5 30.Kg2 Nb6 31.Kf3 Nxd5 32.Rd1 Bd4 33.a3 a5 
34.Rd2 f5 35.h3 Ne3 36.Re2 Nd5 37.Rg2 Kf7 38.Rg5 h6 39.Rg2 Be3 40.Rc2 Bxf4
0-1

[Event "12th PKWN Festival it"]
[Site "Lublin POL"]
[Date "1976.07.??"]
[Round "12"]
[White "Suetin, Alexei"]
[Black "Makarichev, Sergei"]
[Result "1/2-1/2"]
[WhiteElo "2525"]
[BlackElo "2495"]
[EventDate "1976.07.15"]
[PlyCount "50"]

1.e4 e5 2.Nf3 Nf6 3.d4 Nxe4 4.Bd3 d5 5.Nxe5 Bd6 6.O-O O-O 7.c4 Bxe5 8.dxe5
Nc6 9.cxd5 Qxd5 10.Qc2 Nb4 11.Bxe4 Nxc2 12.Bxd5 Bf5 13.g4 Bxg4 14.Nc3 Nxa1
15.Be4 f5 16.exf6 Bh3 17.Re1 Rae8 18.Bd2 Rxe4 19.Nxe4 Nc2 20.Rc1 Nd4 21.
Rxc7 Rf7 22.Rxf7 Nf3+ 23.Kh1 Kxf7 24.Ng5+ Nxg5 25.Bxg5 gxf6 1/2-1/2

[Event "12th PKWN Festival it"]
[Site "Lublin POL"]
[Date "1976.07.??"]
[Round "12"]
[White "Damjanovic, Mato"]
[Black "Adamski, Jan"]
[Result "1/2-1/2"]
[WhiteElo "2425"]
[BlackElo "2415"]
[EventDate "1976.07.15"]
[PlyCount "42"]

1.e4 c5 2.Nf3 d6 3.d4 Nf6 4.Nc3 cxd4 5.Nxd4 e6 6.g3 a6 7.Bg2 Qc7 8.O-O Be7
9.Nce2 Nbd7 10.a4 O-O 11.a5 Rb8 12.h3 Nc5 13.Nc3 Rd8 14.Be3 b5 15.axb6 
Rxb6 16.Nb3 Rb4 17.Nxc5 dxc5 18.Qc1 Bb7 19.Re1 h6 20.b3 Bf8 21.Bf4 1/2-1/2

[Event "12th PKWN Festival it"]
[Site "Lublin POL"]
[Date "1976.07.??"]
[Round "12"]
[White "Pokojowczyk, Jerzy"]
[Black "Nikolac, Juraj"]
[Result "1/2-1/2"]
[WhiteElo "2335"]
[BlackElo "2485"]
[EventDate "1976.07.15"]
[PlyCount "146"]

1.e4 e5 2.Nf3 Nc6 3.Bb5 Nf6 4.O-O Nxe4 5.d4 Be7 6.dxe5 O-O 7.Qe2 d5 8.c4 
Be6 9.Rd1 Bc5 10.Be3 Bxe3 11.Qxe3 Nb4 12.Ba4 c6 13.a3 Na6 14.Nc3 Qb6 15.
Nd4 Nxc3 16.Qxc3 dxc4 17.Bc2 Rad8 18.Kh1 Nc7 19.Qe3 g6 20.Qf4 c5 21.Nf3 
Bd5 22.Nh4 Ne6 23.Qh6 Nd4 24.Ba4 f5 25.Re1 Qe6 26.Bd1 Rd7 27.f4 Be4 28.Re3
Rg7 29.Rc1 b5 30.a4 a6 31.axb5 axb5 32.Ra3 b4 33.Ra5 Qd5 34.Rca1 Ne6 35.
Nf3 c3 36.bxc3 bxc3 37.Ne1 Qc4 38.h4 Qf1+ 39.Kh2 Qxf4+ 40.Qxf4 Nxf4 41.
Rxc5 Rb7 42.Kg3 Nd5 43.Bf3 Ne7 44.Rxc3 Rb5 45.Ra7 Rxe5 46.Rcc7 Kf7 47.Bd1 
Rb8 48.Nf3 Bxf3 49.Bxf3 Rb6 50.Ra8 Rbe6 51.Rd8 Kf6 52.Rb7 h6 53.Rbb8 Re3 
54.Kf2 Rc3 55.Rf8+ Kg7 56.Rfe8 Rc2+ 57.Kg3 Rc3 58.Rb7 Kf7 59.Rh8 Rce3 60.
Kf2 Kg7 61.Re8 g5 62.Bd5 Re2+ 63.Kg1 R6e5 64.hxg5 hxg5 65.Bc4 Re1+ 66.Kh2 
g4 67.Rg8+ Kh7 68.Rf8 Kg6 69.Rf7 R1e4 70.Rb6+ Kg5 71.g3 Rxc4 72.Rg7+ Kh5 
73.Rh7+ Kg5 1/2-1/2

[Event "12th PKWN Festival it"]
[Site "Lublin POL"]
[Date "1976.07.??"]
[Round "12"]
[White "Hulak, Krunoslav"]
[Black "Schinzel, Wladyslaw"]
[Result "1-0"]
[WhiteElo "2470"]
[BlackElo "2370"]
[EventDate "1976.07.15"]
[PlyCount "82"]

1.e4 c5 2.Nf3 Nc6 3.d4 cxd4 4.Nxd4 g6 5.c4 Bg7 6.Be3 Nf6 7.Nc3 Ng4 8.Qxg4 
Nxd4 9.Qd1 Ne6 10.Rc1 O-O 11.Qd2 Qa5 12.Bd3 Nc5 13.Bb1 d6 14.O-O Be6 15.b3
Rac8 16.f4 a6 17.f5 Bd7 18.Bd4 Bxd4+ 19.Qxd4 Bc6 20.Qf2 Ra8 21.Qh4 Rfe8 
22.Kh1 Nd7 23.Nd5 Bxd5 24.exd5 Ne5 25.Qh6 Qc5 26.Rce1 Ng4 27.Qh4 Nf6 28.
Rf4 Qa5 29.Ref1 Kg7 30.g4 Qc3 31.g5 Nh5 32.R4f3 Qb2 33.Qe4 Qe5 34.Qd3 Rf8 
35.Re3 Qb2 36.Re2 Qa1 37.Rxe7 Rae8 38.f6+ Kg8 39.Rfe1 Rxe7 40.fxe7 Re8 41.
c5 1-0

[Event "12th PKWN Festival it"]
[Site "Lublin POL"]
[Date "1976.07.??"]
[Round "12"]
[White "Georgadze, Tamaz"]
[Black "Bielczyk, Jacek"]
[Result "1/2-1/2"]
[WhiteElo "2475"]
[BlackElo "2375"]
[EventDate "1976.07.15"]
[PlyCount "82"]

1.Nf3 d6 2.d4 Nf6 3.g3 Nbd7 4.Bg2 e5 5.c4 Be7 6.O-O O-O 7.Nc3 c6 8.e4 a6 
9.a4 a5 10.h3 Qc7 11.Be3 Re8 12.Rc1 Bf8 13.Qc2 g6 14.Rfd1 Nh5 15.Ne2 Ng7 
16.c5 dxc5 17.Nxe5 Nxe5 18.dxe5 Qxe5 19.f4 Qe7 20.Bxc5 Qxc5+ 21.Qxc5 Bxc5+
22.Rxc5 Be6 23.Nd4 Red8 24.Rd2 f5 25.e5 Ba2 26.Rcc2 Ne6 27.Nxe6 Bxe6 28.
Bf1 Kf7 29.Kf2 Ke7 30.Ke3 Bb3 31.Rxd8 Rxd8 32.Rc5 Ra8 33.g4 Be6 34.Be2 h6 
35.Bc4 g5 36.fxg5 hxg5 37.Bxe6 Kxe6 38.gxf5+ Kxf5 39.Kf3 Ra6 40.e6+ Kxe6 
41.Rxg5 Rb6 1/2-1/2

[Event "12th PKWN Festival it"]
[Site "Lublin POL"]
[Date "1976.07.??"]
[Round "12"]
[White "Ermenkov, Evgeny"]
[Black "Szymczak, Zbigniew"]
[Result "1/2-1/2"]
[WhiteElo "2435"]
[BlackElo "2400"]
[EventDate "1976.07.15"]
[PlyCount "44"]

1.d4 Nf6 2.c4 g6 3.Nc3 d5 4.cxd5 Nxd5 5.e4 Nxc3 6.bxc3 c5 7.Bc4 Bg7 8.Ne2 
Nc6 9.Be3 cxd4 10.cxd4 b5 11.Bxb5 Qa5+ 12.Nc3 Qxc3+ 13.Bd2 Qxd4 14.Bxc6+ 
Bd7 15.Bxa8 Qxa1 16.Qxa1 Bxa1 17.O-O O-O 18.Rxa1 Rxa8 19.Rc1 Rc8 20.Rxc8+ 
Bxc8 21.Be3 Be6 22.Bxa7 Bxa2 1/2-1/2

[Event "12th PKWN Festival it"]
[Site "Lublin POL"]
[Date "1976.08.??"]
[Round "13"]
[White "Szymczak, Zbigniew"]
[Black "Georgadze, Tamaz"]
[Result "1/2-1/2"]
[WhiteElo "2400"]
[BlackElo "2475"]
[EventDate "1976.07.15"]
[PlyCount "74"]

1.Nf3 g6 2.d4 Nf6 3.c4 c5 4.Nc3 cxd4 5.Nxd4 Nc6 6.e4 Nxd4 7.Qxd4 d6 8.Bg5 
Bg7 9.Qd2 Be6 10.Bd3 h6 11.Bf4 g5 12.Be3 Ng4 13.O-O Nxe3 14.Qxe3 Qa5 15.
Nd5 Rc8 16.Kh1 Qc5 17.Qe2 Qd4 18.Rac1 h5 19.Rfd1 Qe5 20.b4 b6 21.Qc2 Kf8 
22.Qa4 Bxd5 23.cxd5 Rxc1 24.Rxc1 Bf6 25.Qc2 Kg7 26.Qc4 Qf4 27.Kg1 h4 28.
Bf1 b5 29.Qc2 a6 30.Rd1 Be5 31.g3 Qg4 32.Be2 Qd7 33.Qd2 hxg3 34.Qxg5+ Kf8 
35.hxg3 Qh3 36.Bf3 Rg8 37.Qf5 1/2-1/2

[Event "12th PKWN Festival it"]
[Site "Lublin POL"]
[Date "1976.08.??"]
[Round "13"]
[White "Schinzel, Wladyslaw"]
[Black "Ermenkov, Evgeny"]
[Result "1-0"]
[WhiteElo "2370"]
[BlackElo "2435"]
[EventDate "1976.07.15"]
[PlyCount "164"]

1.c4 g6 2.Nf3 Bg7 3.d4 d6 4.g3 Nf6 5.Bg2 O-O 6.O-O Nc6 7.Nc3 Bg4 8.b3 Nd7 
9.Be3 e5 10.d5 Bxf3 11.exf3 Ne7 12.Rb1 f5 13.Ne2 f4 14.gxf4 Nf5 15.fxe5 
Bxe5 16.f4 Bg7 17.Ng3 Qh4 18.Qf3 Nd4 19.Qd1 Nf5 20.Qf3 Rae8 21.Nxf5 Rxf5 
22.Qg3 Qd8 23.Bh3 Rff8 24.Kh1 Nf6 25.Be6+ Kh8 26.f5 Ne4 27.Qh3 Qf6 28.fxg6
Qf3+ 29.Qxf3 Rxf3 30.Kg2 Rxe3 31.fxe3 Nd2 32.gxh7 Kxh7 33.b4 b6 34.Rfd1 
Nxb1 35.Rxb1 Ra8 36.Bd7 a5 37.Bc6 Rg8 38.bxa5 Bc3+ 39.Kf3 Bxa5 40.Rb2 Bc3 
41.Rc2 Bb4 42.Bd7 Bc5 43.Kf4 Rg1 44.Bg4 Kh6 45.Be2 Rg8 46.Bd3 Rf8+ 47.Bf5 
Rg8 48.Rf2 Rg1 49.Rf3 Ra1 50.Rh3+ Kg7 51.Rh7+ Kf6 52.Rh6+ Kf7 53.e4 Rxa2 
54.h4 Rc2 55.Rh7+ Kg8 56.Rxc7 Rxc4 57.Bh7+ Kh8 58.Kf5 Rc1 59.Bg6 Rf1+ 60.
Ke6 Rf8 61.Rb7 Kg8 62.h5 Rd8 63.h6 Kh8 64.Ke7 Ra8 65.Kf6 Rf8+ 66.Kg5 Be3+ 
67.Kh5 Bd4 68.Bf5 Kg8 69.Be6+ Kh8 70.Kg6 Rf6+ 71.Kg5 Rf8 72.Kh5 b5 73.Rxb5
Be3 74.Kg6 Bd4 75.Rb7 Rf6+ 76.Kg5 Rf8 77.Kh5 Ba1 78.Rd7 Be5 79.Kg6 Rf6+ 
80.Kg5 Rf8 81.Kh5 Ba1 82.Rxd6 1-0

[Event "12th PKWN Festival it"]
[Site "Lublin POL"]
[Date "1976.08.??"]
[Round "13"]
[White "Makarichev, Sergei"]
[Black "Hulak, Krunoslav"]
[Result "1/2-1/2"]
[WhiteElo "2495"]
[BlackElo "2470"]
[EventDate "1976.07.15"]
[PlyCount "24"]

1.e4 c5 2.Nf3 e6 3.c3 Nf6 4.e5 Nd5 5.d4 cxd4 6.Qxd4 Nc6 7.Qe4 d6 8.Nbd2 
dxe5 9.Nxe5 Bd6 10.Bb5 O-O 11.Nxc6 bxc6 12.Bxc6 Rb8 1/2-1/2

[Event "12th PKWN Festival it"]
[Site "Lublin POL"]
[Date "1976.08.??"]
[Round "13"]
[White "Bielczyk, Jacek"]
[Black "Pokojowczyk, Jerzy"]
[Result "1/2-1/2"]
[WhiteElo "2375"]
[BlackElo "2335"]
[EventDate "1976.07.15"]
[PlyCount "50"]

1.e4 c5 2.Nf3 Nc6 3.d4 cxd4 4.Nxd4 Nf6 5.Nc3 e6 6.Ndb5 Bb4 7.Bf4 Nxe4 8.
Nc7+ Kf8 9.Qf3 d5 10.O-O-O Bxc3 11.bxc3 Rb8 12.Nxd5 exd5 13.Qxe4 dxe4 14.
Rxd8+ Nxd8 15.Bxb8 a6 16.Bc4 Be6 17.Bb3 Ke7 18.Bc7 Bxb3 19.axb3 Ne6 20.Bb6
Rc8 21.c4 Rc6 22.Be3 f5 23.Re1 Rd6 24.Bd2 Kf7 25.Bc3 1/2-1/2

[Event "12th PKWN Festival it"]
[Site "Lublin POL"]
[Date "1976.08.??"]
[Round "13"]
[White "Kuligowski, Adam"]
[Black "Damjanovic, Mato"]
[Result "0-1"]
[WhiteElo "2345"]
[BlackElo "2425"]
[EventDate "1976.07.15"]
[PlyCount "39"]

1.Nf3 g6 2.c4 Bg7 3.d4 c5 4.e4 Qa5+ 5.Nc3 Nf6 6.Bd2 cxd4 7.Nxd4 O-O 8.Nc2 
Nc6 9.Be2 d6 10.O-O Be6 11.Rc1 Rfc8 12.Kh1 Qd8 13.f3 Nd7 14.b4 Nce5 15.f4 
Nxc4 16.f5 Nxd2 17.fxe6 Nxf1 18.exf7+ Kh8 19.Nd5 Nxh2 20.Kxh2 0-1

[Event "12th PKWN Festival it"]
[Site "Lublin POL"]
[Date "1976.08.??"]
[Round "13"]
[White "Nikolac, Juraj"]
[Black "Robatsch, Karl"]
[Result "1-0"]
[WhiteElo "2485"]
[BlackElo "2445"]
[EventDate "1976.07.15"]
[PlyCount "100"]

1.d4 Nf6 2.c4 e6 3.Nf3 c5 4.d5 exd5 5.cxd5 d6 6.Nc3 g6 7.Bg5 Bg7 8.e3 O-O 
9.Nd2 h6 10.Bh4 b6 11.Be2 Ba6 12.O-O Bxe2 13.Qxe2 a6 14.a4 Qc7 15.Nc4 Re8 
16.Bg3 Bf8 17.h3 Nbd7 18.Ra3 Ne4 19.Nxe4 Rxe4 20.f3 Ree8 21.Rfa1 Rab8 22.
e4 Rb7 23.Kh1 b5 24.axb5 axb5 25.Na5 Rb6 26.Nc6 c4 27.Ra7 Rb7 28.Rxb7 Qxb7
29.Ra7 Qc8 30.Qd2 Nb8 31.Qf4 f5 32.Qh4 Nxc6 33.dxc6 Qe6 34.exf5 gxf5 35.
Qd4 b4 36.Rb7 Rc8 37.c7 Kf7 38.Kh2 b3 39.Qb6 d5 40.Qf2 Bd6 41.Qd4 Bxg3+ 
42.Kxg3 Qd6+ 43.f4 Rxc7 44.Rb6 Rc6 45.Rb5 Kg6 46.Kh2 Qe6 47.Rb7 Qf6 48.
Qxd5 Qe6 49.Qf3 Qe8 50.Qg3+ Kf6 1-0